Producción de la leche en ganado holstein inducido a la lactancia con dosis decrecientes de benzoato de estradiol / (Record no. 170358)
[ view plain ]
| 000 -CABECERA | |
|---|---|
| campo de control de longitud fija | 01227nam a2200337Ia 4500 |
| 001 - NÚMERO DE CONTROL | |
| campo de control | Z_7085 |
| 003 - IDENTIFICADOR DEL NÚMERO DE CONTROL | |
| campo de control | CHAP |
| 005 - FECHA Y HORA DE LA ÚLTIMA TRANSACCIÓN | |
| campo de control | 20220905192902.0 |
| 008 - DATOS DE LONGITUD FIJA--INFORMACIÓN GENERAL | |
| campo de control de longitud fija | 220113s2018 xx 000 0 und d |
| 010 ## - NÚMERO DE CONTROL DE LA BIBLIOTECA DEL CONGRESO | |
| Número de control de LC | 170358 |
| 040 ## - FUENTE DE LA CATALOGACIÓN | |
| Centro/agencia transcriptor | CHAP |
| 090 ## - LOCALMENTE ASIGNADO TIPO-LC NÚMERO DE CLASIFICACIÓN (OCLC); NÚMERO DE CLASIFICACIÓN LOCAL (RLIN) | |
| Número de clasificación (OCLC) (R) ; Numero de clasificación, CALL (RLIN) (NR) | Tesis D66 2648 |
| 100 ## - ENTRADA PRINCIPAL--NOMBRE DE PERSONA | |
| Nombre de persona | Dongú Villafuerte, Martín |
| 9 (RLIN) | 135648 |
| 245 ## - MENCIÓN DE TÍTULO | |
| Título | Producción de la leche en ganado holstein inducido a la lactancia con dosis decrecientes de benzoato de estradiol / |
| Mención de responsabilidad, etc. | Martín Dongú Villafuerte |
| 260 ## - PUBLICACIÓN, DISTRIBUCIÓN, ETC. | |
| Lugar de publicación, distribución, etc. | México : |
| Nombre del editor, distribuidor, etc. | El autor, |
| Fecha de publicación, distribución, etc. | 2018 |
| 300 ## - DESCRIPCIÓN FÍSICA | |
| Extensión | CD |
| 502 ## - NOTA DE TESIS | |
| Nota de tesis | Tesis (Ingeniero Agrónomo Especialista en Zootecnia) -- UACh, 2018 \ Dirección. Raymundo Rangel Santos; asesoría: Gustavo Ramírez Valverde y Juan González Maldonado |
| 650 ## - PUNTO DE ACCESO ADICIONAL DE MATERIA--TÉRMINO DE MATERIA | |
| Término de materia o nombre geográfico como elemento de entrada | Ganado bovino |
| 9 (RLIN) | 138033 |
| 650 ## - PUNTO DE ACCESO ADICIONAL DE MATERIA--TÉRMINO DE MATERIA | |
| Término de materia o nombre geográfico como elemento de entrada | Glándula mamaria |
| 9 (RLIN) | 146722 |
| 650 ## - PUNTO DE ACCESO ADICIONAL DE MATERIA--TÉRMINO DE MATERIA | |
| Término de materia o nombre geográfico como elemento de entrada | Hormonas |
| 9 (RLIN) | 56235 |
| 650 ## - PUNTO DE ACCESO ADICIONAL DE MATERIA--TÉRMINO DE MATERIA | |
| Término de materia o nombre geográfico como elemento de entrada | Raza holstein |
| 9 (RLIN) | 144922 |
| 700 ## - PUNTO DE ACCESO ADICIONAL--NOMBRE DE PERSONA | |
| Nombre de persona | González Maldonado, Juan, asesor |
| 9 (RLIN) | 146723 |
| 700 ## - PUNTO DE ACCESO ADICIONAL--NOMBRE DE PERSONA | |
| Nombre de persona | Ramírez Valverde, Gustavo, asesor |
| 9 (RLIN) | 146724 |
| 700 ## - PUNTO DE ACCESO ADICIONAL--NOMBRE DE PERSONA | |
| Nombre de persona | Rangel Santos, Raymundo, director |
| 9 (RLIN) | 139209 |
| 856 42 - LOCALIZACIÓN Y ACCESO ELECTRÓNICOS | |
| Identificador Uniforme del Recurso | <a href="http://10.13.5.2/tesis/sist115409.pdf">http://10.13.5.2/tesis/sist115409.pdf</a> |
| Texto de enlace | Descargar PDF |
| 901 ## - ELEMENTOS DE DATOS A LOCAL LDA (RLIN) | |
| a | TESIS D66 2648 |
| 902 ## - ELEMENTOS DE DATOS B LOCAL, LDB (RLIN) | |
| a | A |
| 910 ## - DATOS DE OPCIÓN DEL USUARIO (OCLC) | |
| Datos de opción del usuario | 2018 |
| 942 ## - ELEMENTOS DE PUNTO DE ACCESO ADICIONAL (KOHA) | |
| Tipo de ítem Koha | Tesis_ |
| Fuente del sistema de clasificación o colocación | Dewey Decimal Classification |
| 942 ## - ELEMENTOS DE PUNTO DE ACCESO ADICIONAL (KOHA) | |
| Tipo de ítem Koha | Tesis_ |
| Fuente del sistema de clasificación o colocación | Dewey Decimal Classification |
| Estado de retiro | Estado de pérdida | Fuente del sistema de clasificación o colocación | Estado dañado | No para préstamo | Código de colección | Localización permanente | Ubicación/localización actual | Fecha de adquisición | Fuente de adquisición | Total de préstamos | Signatura topográfica completa | Código de barras | Fecha visto por última vez | Número de copia | Precio válido a partir de | Tipo de ítem Koha |
|---|---|---|---|---|---|---|---|---|---|---|---|---|---|---|---|---|
| Clasificación Universidad Autónoma de Chapingo | Excluido de préstamo | Tesis digitales de Licenciatura | Zootecnia | Zootecnia | 30/09/2019 | El autor | Tesis D66 2648 | z_T 5038 | 18/01/2022 | Ej.1 | 18/01/2022 | CD | ||||
| Clasificación Universidad Autónoma de Chapingo | Excluido de préstamo | Tesis digitales de Licenciatura | Zootecnia | Zootecnia | 30/09/2019 | El autor | Tesis D66 2648 | z_T 5039 | 18/01/2022 | Ej.2 | 18/01/2022 | CD |
